00282nam a2200121Ia 4500008004100000100000900041245004300050260002500093300000800118650001000126942000700136999001700143190216s9999||||xx |||||||||||||| ||und|| aNull 0aHindi-Shashthriya Samskrithi Ki Mahima bPragathi Prakashan a240 aHindi cBK c15677d15677